000 00299nam a22001337a 4500
082 _a920
_bJAI/N
100 _aJAIN,GAGAN
245 _aNOBEL PRIZE WINNERS IN ECONOMICS
250 _aFOURTH
260 _aDELHI
_c2010
300 _a253
650 _aECONOMICS NOBEL PRIZE WINNERS
_zDELHI
942 _cBK
999 _c6225
_d6225